=LDR 00000nam 2200000 4500 =001 INLIS000000000026052 =005 20200813091220 =035 ##$$a 0010-061300000026052 =008 200813################g##########0#ind## =041 ##$$a Ind =082 ##$$a 2x9.659 8 =090 ##$$a 2x9.659 8, Qur a =100 1#$$a Qurtuby, Sumanto =245 1#$$a Arus cina islam jawa, : $b bongkar sejarah atas peranan tionghoa dalam penyebaran agama islam di nusantara abad xv dan xvi /$c Sumanto Al Qurtuby =260 ##$$a Jakarta :$b Inspeal Ahimsa Karya,$c 2003 =300 ##$$a 311 hlm, ; $c 14x21 cm =650 #4$$a Pembaharuan islam-Indonesia =850 ##$$a NBPNMAT =084 ##$$a 2x9.659 8 QUR a =020 ##$$a 979-97616-0-3 =250 ##$$a cet.2 =990 ##$$a 1038231 =990 ##$$a 1038234 =990 ##$$a 1038232